[Event "Scarborough CC-ch Reserves"]
[Site "Toronto"]
[Date "2012.04.26"]
[Round "6"]
[White "Azmitia, Gabriel"]
[Black "Liang, Phillip"]
[Result "0-1"]
[WhiteElo "1521"]
[BlackElo "1584"]
[PlyCount "78"]
[EventDate "2012.03.22"]
[EventType "swiss"]
[EventRounds "9"]
[EventCountry "CAN"]
[SourceTitle "EXT 2022"]
[Source "ChessBase"]
[SourceDate "2021.10.06"]
[SourceVersion "1"]
[SourceVersionDate "2021.10.06"]
[SourceQuality "1"]

1. Nf3 d5 2. d4 Nf6 3. e3 Bf5 4. Bd3 Bxd3 5. Qxd3 c6 6. 0-0 e6 7. Ne5 Nbd7 8. f4 Qc7 9. b3 Ne4 10. Nd2 Nxd2 11. Bxd2 f6 12. Nf3 0-0-0 13. c4 Kb8 14. b4 dxc4 15. Qxc4 Re8 16. a4 Nb6 17. Qb3 Nd5 18. Rfc1 Qd7 19. b5 Rc8 20. Rc2 cxb5 21. Rxc8+ Qxc8 22. Rc1 Qd7 23. axb5 Bd6 24. g3 Rc8 25. Ne1 Rxc1 26. Bxc1 Qc7 27. Bd2 g6 28. e4 Nb6 29. Ba5 Qc4 30. Qxc4 Nxc4 31. Bc3 f5 32. e5 Be7 33. Kf2 Kc7 34. Ke2 Kb6 35. Kd3 Kxb5 36. Nc2 Nb6 37. h3 Nd5 38. Bd2 b6 39. Na3+ Bxa3 0-1

[Event "Scarborough CC-ch Reserves"]
[Site "Toronto"]
[Date "2012.04.05"]
[Round "3"]
[White "Morra, Lui"]
[Black "Azmitia, Gabriel"]
[Result "0-1"]
[WhiteElo "1719"]
[BlackElo "1521"]
[PlyCount "50"]
[EventDate "2012.03.22"]
[EventType "swiss"]
[EventRounds "9"]
[EventCountry "CAN"]
[SourceTitle "EXT 2022"]
[Source "ChessBase"]
[SourceDate "2021.10.06"]
[SourceVersion "1"]
[SourceVersionDate "2021.10.06"]
[SourceQuality "1"]

1. e4 e5 2. Nf3 Nc6 3. Bc4 Nf6 4. Ng5 d5 5. exd5 Na5 6. Bb5+ c6 7. dxc6 bxc6 8. Be2 h6 9. Nf3 e4 10. Ne5 Bd6 11. Ng4 Nd5 12. d3 exd3 13. Qxd3 0-0 14. Bf3 Re8+ 15. Ne3 Nxe3 16. Bxe3 Qc7 17. Kd1 Rb8 18. Kc1 Be6 19. g4 Bf4 20. g5 Red8 21. Qe2 Nc4 22. b3 Nxe3 23. fxe3 Bxg5 24. Nd2 Qe5 25. Kb1 Bf6 0-1

[Event "Scarborough CC Frost U1800"]
[Site "Toronto"]
[Date "2012.02.02"]
[Round "5"]
[White "Azmitia, Gabriel"]
[Black "Gillis, Doug"]
[Result "1-0"]
[WhiteElo "1577"]
[BlackElo "1637"]
[PlyCount "73"]
[EventDate "2012.01.05"]
[EventType "swiss"]
[EventRounds "6"]
[EventCountry "CAN"]
[SourceTitle "EXT 2022"]
[Source "ChessBase"]
[SourceDate "2021.10.06"]
[SourceVersion "1"]
[SourceVersionDate "2021.10.06"]
[SourceQuality "1"]

1. d4 e6 2. c4 Bb4+ 3. Bd2 Bxd2+ 4. Qxd2 Nf6 5. Nc3 d5 6. Nf3 0-0 7. e3 Qe7 8. a3 Nbd7 9. Ne5 dxc4 10. Bxc4 Nxe5 11. dxe5 Rd8 12. exf6 Qxf6 13. Qe2 b6 14. 0-0 Bb7 15. f3 Rd7 16. Rad1 Rad8 17. Rxd7 Rxd7 18. Rd1 Rd6 19. e4 Qe7 20. Kh1 a6 21. Bxa6 Bxa6 22. Qxa6 h6 23. Qe2 Qg5 24. h3 Rc6 25. Qf2 Qe7 26. Qd2 Rd6 27. Qe2 Rc6 28. Rd2 Qg5 29. Qd1 e5 30. Nd5 Rg6 31. Nxc7 Rc6 32. Nd5 h5 33. Nc3 h4 34. Rd7 Rg6 35. Qd2 Qg3 36. Nd5 Rc6 37. Ne7+ 1-0

[Event "Scarborough CC Falling Leaves U1800"]
[Site "Toronto"]
[Date "2011.11.17"]
[Round "3"]
[White "Kurkowski, Ken"]
[Black "Azmitia, Gabriel"]
[Result "0-1"]
[WhiteElo "1569"]
[BlackElo "1588"]
[PlyCount "110"]
[EventDate "2011.11.03"]
[EventType "swiss"]
[EventRounds "7"]
[EventCountry "CAN"]
[SourceTitle "EXT 2022"]
[Source "ChessBase"]
[SourceDate "2021.10.06"]
[SourceVersion "1"]
[SourceVersionDate "2021.10.06"]
[SourceQuality "1"]

1. d4 d5 2. Nf3 Nf6 3. e3 a6 4. Bd3 e6 5. 0-0 Bd6 6. b3 Nbd7 7. Bb2 b6 8. Nbd2 Bb7 9. Ne5 Qe7 10. Rc1 Ba3 11. Bxa3 Qxa3 12. Qe2 Ne4 13. Bxe4 dxe4 14. Nxd7 Kxd7 15. Nc4 Qe7 16. Ne5+ Kc8 17. a4 f6 18. Nc4 a5 19. Nb2 Ba6 20. c4 Rd8 21. Qc2 f5 22. Rfd1 c5 23. Qc3 Bb7 24. dxc5 bxc5 25. Qe5 Rxd1+ 26. Rxd1 Ra6 27. Rd2 Qc7 28. Qxc7+ Kxc7 29. Nd1 Rd6 30. Rxd6 Kxd6 31. Nc3 g5 32. h3 h5 33. Ne2 h4 34. g3 e5 35. gxh4 gxh4 36. Kh2 Bc6 37. Nc3 Be8 38. Nb5+ Kc6 39. Nc3 Bh5 40. Nd5 Bd1 41. Ne7+ Kd7 42. Nxf5 Bxb3 43. Nxh4 Bxc4 44. f3 Bd3 45. fxe4 Bxe4 46. Ng2 c4 47. Ne1 c3 48. Kg3 c2 49. Nxc2 Bxc2 50. Kf3 Bxa4 51. Ke4 Ke6 52. h4 Bc2+ 53. Kf3 a4 54. h5 a3 55. h6 Bh7 0-1

[Event "Scarborough CC Howard Ridout U1800"]
[Site "Toronto"]
[Date "2011.10.27"]
[Round "6"]
[White "Graham, John"]
[Black "Azmitia, Gabriel"]
[Result "0-1"]
[WhiteElo "1370"]
[BlackElo "1591"]
[PlyCount "96"]
[EventDate "2011.09.08"]
[EventType "swiss"]
[EventRounds "6"]
[EventCountry "CAN"]
[SourceTitle "EXT 2022"]
[Source "ChessBase"]
[SourceDate "2021.10.06"]
[SourceVersion "1"]
[SourceVersionDate "2021.10.06"]
[SourceQuality "1"]

1. e4 e5 2. Nf3 Nc6 3. Bc4 Nd4 4. Nc3 Nxf3+ 5. Qxf3 Nf6 6. d3 Bb4 7. Bd2 d6 8. h3 h6 9. 0-0-0 c6 10. Ne2 Bxd2+ 11. Rxd2 b5 12. Bb3 a5 13. a4 Bd7 14. d4 Qc7 15. dxe5 dxe5 16. Rhd1 Rd8 17. Nc3 b4 18. Ne2 0-0 19. Ng3 c5 20. c4 Bc6 21. Qe3 Rd4 22. f3 Rfd8 23. Nf5 Kh7 24. g4 Rxd2 25. Rxd2 Ne8 26. Qxc5 Rxd2 27. Kxd2 Qd7+ 28. Ke2 Bxa4 29. Qe3 Bxb3 30. Qxb3 g6 31. Ne3 Qd4 32. c5 Kg7 33. c6 Nc7 34. Nd5 Ne6 35. c7 Qc5 36. Kf1 Nxc7 37. Qe3 Qc2 38. Qe2 Qc1+ 39. Kg2 Qc5 40. Qd2 Ne6 41. Kh2 Nd4 42. Kg2 Ne6 43. Kh2 Qc4 44. h4 Qf1 45. Qg2 Qc1 46. g5 hxg5 47. hxg5 Nxg5 48. Qxg5 Qxg5 0-1

[Event "Scarborough CC Howard Ridout U1800"]
[Site "Toronto"]
[Date "2011.09.08"]
[Round "1"]
[White "Lin, Benjamin1111"]
[Black "Azmitia, Gabriel"]
[Result "0-1"]
[WhiteElo "1166"]
[BlackElo "1591"]
[PlyCount "92"]
[EventDate "2011.09.08"]
[EventType "swiss"]
[EventRounds "6"]
[EventCountry "CAN"]
[SourceTitle "EXT 2022"]
[Source "ChessBase"]
[SourceDate "2021.10.06"]
[SourceVersion "1"]
[SourceVersionDate "2021.10.06"]
[SourceQuality "1"]

1. c4 c5 2. Nf3 Nf6 3. Nc3 Nc6 4. g3 g6 5. Bg2 d5 6. cxd5 Nxd5 7. Nxd5 Qxd5 8. 0-0 Bg7 9. d3 0-0 10. e4 Qd8 11. a3 Bg4 12. Qb3 b6 13. Be3 Be6 14. Qc2 Na5 15. Nd2 Qd7 16. f4 Rad8 17. Nc4 Qxd3 18. Qxd3 Rxd3 19. Nxa5 Rxe3 20. Nc6 Bxb2 21. Nxe7+ Kg7 22. Rfe1 Rxe1+ 23. Rxe1 c4 24. Re2 c3 25. e5 Rd8 26. Kf2 Bc4 27. Rc2 Bd3 28. Rxc3 Bxc3 29. Nc6 Rd7 30. Nb8 Rc7 31. Nc6 a5 32. Ke3 Bb5 33. Nd4 Bxd4+ 34. Kxd4 Bc6 35. Bxc6 Rxc6 36. Kd5 Rc8 37. g4 b5 38. f5 b4 39. f6+ Kf8 40. axb4 axb4 41. e6 fxe6+ 42. Ke5 b3 43. Kf4 b2 44. Kg5 b1Q 45. Kh6 Rc2 46. Kxh7 Rxh2# 0-1

[Event "Toronto Howard Ridout Swiss U2000"]
[Site "Toronto"]
[Date "2010.09.30"]
[Round "4"]
[White "Radpey, Abdolreza"]
[Black "Azmitia, Gabriel"]
[Result "0-1"]
[WhiteElo "1641"]
[BlackElo "1611"]
[PlyCount "70"]
[EventDate "2010.09.09"]
[EventType "swiss"]
[EventRounds "6"]
[EventCountry "CAN"]
[SourceTitle "EXT 2022"]
[Source "ChessBase"]
[SourceDate "2021.10.06"]
[SourceVersion "1"]
[SourceVersionDate "2021.10.06"]
[SourceQuality "1"]

1. d4 c5 2. d5 Nf6 3. c4 d6 4. Nc3 g6 5. Nf3 Bg7 6. e4 Bg4 7. Bd3 Nbd7 8. h3 Bxf3 9. Qxf3 Ne5 10. Qe2 Nxd3+ 11. Qxd3 a6 12. a4 Nd7 13. 0-0 Ne5 14. Qe2 Rb8 15. f4 Nd7 16. a5 b6 17. axb6 Qxb6 18. Na4 Qb7 19. e5 dxe5 20. fxe5 Bxe5 21. Nxc5 Bd4+ 22. Kh1 Bxc5 23. Rb1 0-0 24. Bh6 Rfe8 25. Qd3 Qb3 26. Qe2 e6 27. Rxf7 Kxf7 28. dxe6+ Rxe6 29. Rf1+ Rf6 30. Rxf6+ Nxf6 31. Bg5 Qxb2 32. Qf3 Qe5 33. Bf4 Qa1+ 34. Kh2 Bg1+ 35. Kh1 Bf2+ 0-1

[Event "Scarborough CC LH Summer op"]
[Site "Toronto"]
[Date "2010.05.20"]
[Round "3"]
[White "Azmitia, Gabriel"]
[Black "Karmalkar, Vilas"]
[Result "0-1"]
[WhiteElo "1618"]
[BlackElo "1746"]
[PlyCount "90"]
[EventDate "2010.04.29"]
[EventType "swiss"]
[EventRounds "8"]
[EventCountry "CAN"]
[SourceTitle "EXT 2022"]
[Source "ChessBase"]
[SourceDate "2021.10.06"]
[SourceVersion "1"]
[SourceVersionDate "2021.10.06"]
[SourceQuality "1"]

1. Nf3 g6 2. d4 d6 3. e3 Bg7 4. c4 Nf6 5. Bd3 0-0 6. 0-0 Nbd7 7. Nbd2 e5 8. d5 Nc5 9. Bc2 a5 10. a3 e4 11. Ne1 Bg4 12. f3 exf3 13. Nexf3 Qd7 14. Re1 Rfe8 15. Nf1 Nfe4 16. Rb1 a4 17. Bd2 Ng5 18. Bb4 Nce4 19. Bxe4 Rxe4 20. Ng3 f5 21. Nxe4 fxe4 22. Rf1 exf3 23. gxf3 Bh5 24. Be1 Qh3 25. Bg3 Be5 26. Rf2 Bxg3 27. hxg3 Qxg3+ 28. Rg2 Nxf3+ 29. Qxf3 Qxf3 30. Rf1 Qxe3+ 31. Kh2 Re8 32. Rff2 Qh6 33. Kg1 Qe3 34. Kh2 Bg4 35. Rf4 Qh3+ 36. Kg1 Re2 37. Rf8+ Kg7 38. Rf7+ Kh6 39. Rff2 Rxf2 40. Rxf2 Kg7 41. c5 h5 42. cxd6 cxd6 43. b3 axb3 44. a4 Bf3 45. Rf1 Qg2# 0-1

[Event "Scarborough CC-ch Reserves op"]
[Site "Toronto"]
[Date "2010.04.01"]
[Round "6"]
[White "Paterson, Jim"]
[Black "Azmitia, Gabriel"]
[Result "1-0"]
[WhiteElo "1905"]
[BlackElo "1575"]
[PlyCount "57"]
[EventDate "2010.02.25"]
[EventType "swiss"]
[EventRounds "9"]
[EventCountry "CAN"]
[SourceTitle "EXT 2022"]
[Source "ChessBase"]
[SourceDate "2021.10.06"]
[SourceVersion "1"]
[SourceVersionDate "2021.10.06"]
[SourceQuality "1"]

1. e3 d5 2. f4 g6 3. Nf3 Bg7 4. c3 e6 5. d4 Ne7 6. Bd3 b6 7. Qe2 f5 8. Nbd2 Bb7 9. Ng5 Qd7 10. Ndf3 h6 11. Nh3 Qc8 12. b3 Nd7 13. Ba3 Qd8 14. Nh4 Kf7 15. Qf3 Rg8 16. 0-0-0 Rc8 17. Kb1 c5 18. Rc1 Bf6 19. Qf2 a6 20. Nf3 b5 21. Ne5+ Bxe5 22. fxe5 Qa5 23. Bxc5 Nxe5 24. dxe5 Qd8 25. Bd6 Rc6 26. Qh4 Nc8 27. Qxh6 Nxd6 28. Ng5+ Ke7 29. Qh7+ 1-0

[Event "Scarborough CC-ch Reserves op"]
[Site "Toronto"]
[Date "2010.03.04"]
[Round "2"]
[White "Douglas, Richard"]
[Black "Azmitia, Gabriel"]
[Result "0-1"]
[WhiteElo "1872"]
[BlackElo "1575"]
[PlyCount "62"]
[EventDate "2010.02.25"]
[EventType "swiss"]
[EventRounds "9"]
[EventCountry "CAN"]
[SourceTitle "EXT 2022"]
[Source "ChessBase"]
[SourceDate "2021.10.06"]
[SourceVersion "1"]
[SourceVersionDate "2021.10.06"]
[SourceQuality "1"]

1. e4 c5 2. Nc3 a6 3. f4 d6 4. f5 Nf6 5. Nf3 Nc6 6. d4 cxd4 7. Nxd4 Qc7 8. Bg5 b5 9. Bxf6 gxf6 10. Nd5 Qb7 11. Nb3 Bg7 12. Qg4 Rg8 13. 0-0-0 Bd7 14. Qh5 h6 15. Kb1 0-0-0 16. Qxf7 Rdf8 17. Nxe7+ Nxe7 18. Qxe7 Rd8 19. Rxd6 Bf8 20. Qxf6 Bxd6 21. Qxd6 Qxe4 22. Qxa6+ Qb7 23. Qxb7+ Kxb7 24. Nd4 Bxf5 25. Nb3 Rd1+ 26. Nc1 Rc8 27. Bd3 Rxh1 28. Bxf5 Re8 29. b3 Ree1 30. Kb2 Rxc1 31. h3 b4 0-1

[Event "Toronto Scarborough CC Frost op"]
[Site "Toronto"]
[Date "2010.02.11"]
[Round "6"]
[White "Bellomo, Joe"]
[Black "Azmitia, Gabriel"]
[Result "1-0"]
[WhiteElo "1748"]
[BlackElo "1526"]
[PlyCount "87"]
[EventDate "2010.01.07"]
[EventType "swiss"]
[EventRounds "6"]
[EventCountry "CAN"]
[SourceTitle "EXT 2011"]
[Source "ChessBase"]
[SourceDate "2010.11.26"]
[SourceVersion "1"]
[SourceVersionDate "2010.11.26"]
[SourceQuality "1"]

1. e4 c5 2. Nf3 e6 3. d4 cxd4 4. Nxd4 a6 5. Nc3 Qc7 6. Be2 d6 7. 0-0 Nd7 8. Be3 Ngf6 9. f4 Be7 10. Bf3 0-0 11. Qe2 e5 12. Nf5 Bd8 13. Rad1 d5 14. exd5 Nb6 15. d6 Qd7 16. Ne7+ Bxe7 17. dxe7 Qxe7 18. Bxb6 Qb4 19. Bf2 exf4 20. Nd5 Nxd5 21. Bxd5 Bf5 22. c3 Qa4 23. Bd4 Rae8 24. Qf2 Rd8 25. Bb3 Qb5 26. Qxf4 Bg6 27. Qg3 Rd7 28. h4 a5 29. Rde1 a4 30. Re5 Qd3 31. Qxd3 Bxd3 32. Bxa4 Rc7 33. Rfe1 Rcc8 34. Re7 b5 35. Bb3 Bc4 36. Bxc4 bxc4 37. Rb7 Rfe8 38. Rxe8+ Rxe8 39. Kf2 f6 40. a4 Ra8 41. Rb4 Rc8 42. a5 Rc6 43. Rb6 Re6 44. Rxe6 1-0

[Event "Toronto Scarborough CC Frost op"]
[Site "Toronto"]
[Date "2010.02.04"]
[Round "5"]
[White "Azmitia, Gabriel"]
[Black "Ward, Dean"]
[Result "0-1"]
[WhiteElo "1526"]
[BlackElo "1772"]
[PlyCount "60"]
[EventDate "2010.01.07"]
[EventType "swiss"]
[EventRounds "6"]
[EventCountry "CAN"]
[SourceTitle "EXT 2011"]
[Source "ChessBase"]
[SourceDate "2010.11.26"]
[SourceVersion "1"]
[SourceVersionDate "2010.11.26"]
[SourceQuality "1"]

1. Nf3 d5 2. d4 c6 3. b3 Nf6 4. Bb2 Ne4 5. Nfd2 Qa5 6. f3 Nxd2 7. Nxd2 Bf5 8. e3 e6 9. a3 Nd7 10. Be2 Bd6 11. 0-0 Qc7 12. f4 0-0 13. Rc1 c5 14. Rf2 cxd4 15. exd4 Bxf4 16. g3 Be3 17. Kg2 Bxf2 18. Kxf2 Nf6 19. Bf3 Rac8 20. c4 dxc4 21. bxc4 Qb6 22. Ba1 Rfd8 23. c5 Qb5 24. a4 Qd7 25. Nc4 Be4 26. Nd6 Bxf3 27. Qxf3 Rb8 28. a5 Qc6 29. Qf4 Rxd6 30. Qxd6 Ne4+ 0-1

[Event "Scarborough CC Falling Leaves U1700"]
[Site "Toronto"]
[Date "2009.11.12"]
[Round "2"]
[White "Azmitia, Gabriel"]
[Black "Yusuf, Magas"]
[Result "1/2-1/2"]
[WhiteElo "1467"]
[BlackElo "1553"]
[PlyCount "99"]
[EventDate "2009.11.05"]
[EventType "swiss"]
[EventRounds "7"]
[EventCountry "CAN"]
[SourceTitle "EXT 2011"]
[Source "ChessBase"]
[SourceDate "2010.11.26"]
[SourceVersion "1"]
[SourceVersionDate "2010.11.26"]
[SourceQuality "1"]

1. d4 d5 2. Nf3 Nf6 3. e3 e6 4. Bd3 c5 5. b3 Nc6 6. Bb2 Be7 7. Nbd2 0-0 8. 0-0 cxd4 9. exd4 Qc7 10. Qe2 Nb4 11. Ne5 Nxd3 12. Qxd3 Bd6 13. g3 Nd7 14. f4 Qb6 15. Kh1 Nxe5 16. fxe5 Be7 17. Nf3 Bd7 18. a4 Rac8 19. Bc1 Qc7 20. Rf2 Qc3 21. Qxc3 Rxc3 22. Bb2 Rc7 23. c3 Rfc8 24. Rc1 b5 25. axb5 Bxb5 26. Ne1 Bg5 27. Rcc2 Be3 28. Rf3 Bxd4 29. cxd4 Rxc2 30. Nxc2 Rxc2 31. Rc3 Rxc3 32. Bxc3 Bd3 33. Bd2 Kf8 34. Kg2 Bc2 35. b4 Ke7 36. h4 Kd7 37. Kf3 Kc6 38. Ke3 Kb5 39. g4 f6 40. exf6 gxf6 41. g5 fxg5 42. hxg5 Kc4 43. Be1 Be4 44. Bd2 Kb5 45. Kf4 Kc4 46. Ke5 Bf5 47. Be1 a6 48. Bd2 Kd3 49. Be1 Ke2 50. Bc3 1/2-1/2

[Event "Toronto Howard Ridout op U1700"]
[Site "Toronto"]
[Date "2009.09.10"]
[Round "1"]
[White "Seedhouse, Jeff"]
[Black "Azmitia, Gabriel"]
[Result "1-0"]
[WhiteElo "1578"]
[BlackElo "1428"]
[PlyCount "61"]
[EventDate "2009.09.10"]
[EventType "swiss"]
[EventRounds "8"]
[EventCountry "CAN"]
[SourceTitle "EXT 2011"]
[Source "ChessBase"]
[SourceDate "2010.11.26"]
[SourceVersion "1"]
[SourceVersionDate "2010.11.26"]
[SourceQuality "1"]

1. e4 e5 2. Nf3 Nc6 3. d4 exd4 4. c3 dxc3 5. Nxc3 Bb4 6. Bc4 h6 7. 0-0 Bxc3 8. bxc3 d6 9. Qb3 Qf6 10. Re1 Ne5 11. Nxe5 dxe5 12. Ba3 Ne7 13. Rad1 0-0 14. Re3 Re8 15. Rf3 Nf5 16. exf5 a5 17. h3 Rb8 18. Bb5 Rd8 19. Rxd8+ Qxd8 20. Qc2 Qf6 21. Qe4 Bxf5 22. Qxf5 Qxf5 23. Rxf5 f6 24. Kf1 Kf7 25. Bc4+ Kg6 26. Rf3 e4 27. Re3 f5 28. f3 exf3 29. gxf3 Rd8 30. Ke2 Kg5 31. Be7+ 1-0

[Event "Scarborough CC Fall Swiss U1700"]
[Site "Toronto"]
[Date "2008.12.11"]
[Round "7"]
[White "Xia, Linda"]
[Black "Azmitia, Gabriel"]
[Result "0-1"]
[WhiteElo "1576"]
[BlackElo "1424"]
[PlyCount "82"]
[EventDate "2008.10.30"]
[EventType "swiss"]
[EventRounds "8"]
[EventCountry "CAN"]
[SourceTitle "EXT 2011"]
[Source "ChessBase"]
[SourceDate "2010.11.26"]
[SourceVersion "1"]
[SourceVersionDate "2010.11.26"]
[SourceQuality "1"]

1. d4 Nf6 2. Bg5 Ne4 3. Bf4 g5 4. Be3 h6 5. Nf3 d6 6. Nc3 Bf5 7. Qd3 d5 8. Qb5+ c6 9. Qxb7 Nd7 10. Qxc6 e6 11. Ne5 Nef6 12. Nd3 Rc8 13. Qa4 a5 14. Nc5 Ke7 15. Nb7 Qb6 16. Qb3 Qb4 17. Nc5 Bg7 18. Nxd7 Nxd7 19. Rd1 Rb8 20. Bd2 Qxd4 21. Qa3+ Qc5 22. Qxc5+ Nxc5 23. Be3 Nd7 24. Bd4 Bxd4 25. Rxd4 Rxb2 26. e3 Rxc2 27. Ne2 Rxa2 28. Rd1 Rb8 29. Nd4 Rbb2 30. Be2 Bg6 31. 0-0 Kf6 32. Bf3 Ne5 33. h3 Nxf3+ 34. Nxf3 a4 35. Ra1 Bd3 36. Rfd1 Be2 37. Rdc1 Bxf3 38. gxf3 Rxf2 39. Rf1 Rg2+ 40. Kh1 Rh2+ 41. Kg1 Rag2# 0-1

[Event "Scarborough CC Early Summer U1700"]
[Site "Toronto"]
[Date "2008.06.19"]
[Round "7"]
[White "Azmitia, Gabriel"]
[Black "Dattani, Dinesh"]
[Result "1-0"]
[WhiteElo "1482"]
[BlackElo "1327"]
[PlyCount "90"]
[EventDate "2008.05.08"]
[EventType "swiss"]
[EventRounds "8"]
[EventCountry "CAN"]
[SourceTitle "EXT 2011"]
[Source "ChessBase"]
[SourceDate "2010.11.26"]
[SourceVersion "1"]
[SourceVersionDate "2010.11.26"]
[SourceQuality "1"]

1. d4 d5 2. c4 c6 3. Nc3 Nf6 4. Nf3 Nbd7 5. Bf4 e6 6. cxd5 exd5 7. h3 Bb4 8. Bd2 0-0 9. e3 Re8 10. Bd3 c5 11. dxc5 Nxc5 12. Be2 Bf5 13. a3 Bxc3 14. Bxc3 Nce4 15. Bd4 Rc8 16. 0-0 b6 17. Nh4 Be6 18. Ba6 Rc7 19. Nf3 Qd7 20. Ne5 Qe7 21. Rc1 Bc8 22. Bb5 Rxc1 23. Qxc1 Bd7 24. Nxd7 Nxd7 25. Qc2 Nd6 26. Bd3 h6 27. Rc1 Rc8 28. Qd2 Rxc1+ 29. Qxc1 Ne4 30. Qc8+ Kh7 31. f3 Ne5 32. Bxe5 Qxe5 33. fxe4 dxe4 34. Bc2 Qxb2 35. Qf5+ Kg8 36. Bxe4 g6 37. Qc8+ Kg7 38. Qa6 Qc1+ 39. Kf2 Qd2+ 40. Kf3 Qd1+ 41. Qe2 Qa4 42. Qb2+ f6 43. Qc1 Qd7 44. Kf2 f5 45. Bf3 Kf6 1-0

[Event "Scarborough CC Spring Swiss U1700"]
[Site "Toronto"]
[Date "2008.04.03"]
[Round "4"]
[White "Song, Michael"]
[Black "Azmitia, Gabriel"]
[Result "1-0"]
[WhiteElo "1331"]
[BlackElo "1541"]
[PlyCount "80"]
[EventDate "2008.03.13"]
[EventType "swiss"]
[EventRounds "8"]
[EventCountry "CAN"]
[SourceTitle "EXT 2011"]
[Source "ChessBase"]
[SourceDate "2010.11.26"]
[SourceVersion "1"]
[SourceVersionDate "2010.11.26"]
[SourceQuality "1"]

1. d4 d5 2. c4 c6 3. Nf3 Nf6 4. e3 Bg4 5. Nc3 dxc4 6. Bxc4 e6 7. h3 Bh5 8. 0-0 Bd6 9. e4 Bxf3 10. Qxf3 e5 11. dxe5 Bxe5 12. Rd1 Qe7 13. Bg5 0-0 14. Bxf6 Bxf6 15. Rac1 Nd7 16. Qf5 Ne5 17. Ne2 Rad8 18. Rxd8 Rxd8 19. h4 Nxc4 20. Rxc4 Rd1+ 21. Kh2 Qe5+ 22. Qxe5 Bxe5+ 23. f4 Bf6 24. Rb4 b6 25. Kg3 Kf8 26. e5 Be7 27. Rd4 Rxd4 28. Nxd4 c5 29. Nc6 a6 30. Nxe7 Kxe7 31. Kf3 Ke6 32. Ke4 g6 33. g4 c4 34. f5+ gxf5+ 35. gxf5+ Kd7 36. Kd5 b5 37. a3 a5 38. Kc5 Kc7 39. e6 fxe6 40. fxe6 Kd8 1-0

[Event "Scarborough CC Fall Swiss U1700"]
[Site "Toronto"]
[Date "2007.12.13"]
[Round "7"]
[White "Azmitia, Gabriel"]
[Black "Douglas, Steven1111"]
[Result "0-1"]
[WhiteElo "1543"]
[BlackElo "1613"]
[PlyCount "74"]
[EventDate "2007.11.01"]
[EventType "swiss"]
[EventRounds "8"]
[EventCountry "CAN"]
[SourceTitle "EXT 2022"]
[Source "ChessBase"]
[SourceDate "2021.10.06"]
[SourceVersion "1"]
[SourceVersionDate "2021.10.06"]
[SourceQuality "1"]

1. Nf3 Nf6 2. c4 g6 3. Nc3 Bg7 4. d4 d6 5. g3 0-0 6. Bg2 e5 7. dxe5 Ng4 8. Bg5 Qe8 9. Nd5 Na6 10. Be7 Nxe5 11. Nxe5 Bxe5 12. Qc2 c6 13. Bxf8 cxd5 14. Bh6 Bf5 15. e4 dxe4 16. Bxe4 Bxe4 17. Qd2 Bxh1 18. 0-0-0 Qc6 19. b3 Be4 20. f4 Bh8 21. Qxd6 Qxd6 22. Rxd6 f5 23. Rd7 Nb4 24. a3 Nc6 25. Bg5 Na5 26. b4 Nxc4 27. Be7 Rc8 28. Kd1 Nxa3 29. Bc5 Bf6 30. Bxa7 Rd8 31. Rxd8+ Bxd8 32. Bc5 Bf6 33. Kd2 Kf7 34. Ke3 Ke6 35. h4 Nc4+ 36. Kf2 Be7 37. Bb6 Nxb6 0-1

[Event "Scarborough CC Fall Swiss U1700"]
[Site "Toronto"]
[Date "2007.11.15"]
[Round "3"]
[White "Azmitia, Gabriel"]
[Black "Wu, Kevin"]
[Result "0-1"]
[WhiteElo "1543"]
[BlackElo "1481"]
[PlyCount "44"]
[EventDate "2007.11.01"]
[EventType "swiss"]
[EventRounds "8"]
[EventCountry "CAN"]
[SourceTitle "EXT 2022"]
[Source "ChessBase"]
[SourceDate "2021.10.06"]
[SourceVersion "1"]
[SourceVersionDate "2021.10.06"]
[SourceQuality "1"]

1. Nf3 Nf6 2. c4 d6 3. d4 g6 4. Nc3 Bg7 5. g3 Nbd7 6. Bg2 a6 7. Qc2 Rb8 8. a4 b6 9. e4 Bb7 10. b4 0-0 11. 0-0 c5 12. bxc5 bxc5 13. Be3 Qc7 14. Nd5 Nxd5 15. exd5 Rfc8 16. Rfc1 Qa5 17. Bd2 Qc7 18. Be3 cxd4 19. Nxd4 Ne5 20. Bh3 Rd8 21. Rab1 Nd7 22. Bxd7 Qxd7 0-1

[Event "Scarborough CC Fall Swiss U1700"]
[Site "Toronto"]
[Date "2007.11.08"]
[Round "2"]
[White "Xiao, Sai"]
[Black "Azmitia, Gabriel"]
[Result "0-1"]
[WhiteElo "1114"]
[BlackElo "1543"]
[PlyCount "122"]
[EventDate "2007.11.01"]
[EventType "swiss"]
[EventRounds "8"]
[EventCountry "CAN"]
[SourceTitle "EXT 2022"]
[Source "ChessBase"]
[SourceDate "2021.10.06"]
[SourceVersion "1"]
[SourceVersionDate "2021.10.06"]
[SourceQuality "1"]

1. e4 c5 2. d4 cxd4 3. Qxd4 Nc6 4. Qa4 a6 5. Nc3 Rb8 6. a3 Nf6 7. Nf3 g6 8. Qb3 Qc7 9. Bc4 e6 10. g3 d6 11. 0-0 Na5 12. Bb5+ axb5 13. Nxb5 Nxb3 14. Nxc7+ Kd7 15. cxb3 Kxc7 16. e5 Ne8 17. exd6+ Bxd6 18. Bd2 f6 19. Rac1+ Kd7 20. Bc3 Rf8 21. Rfd1 Ke7 22. b4 Bd7 23. Rd3 Bb5 24. Rd4 Rd8 25. Rh4 h5 26. Re1 e5 27. Nd4 Bd7 28. f3 Kf7 29. Nc2 Bb8 30. f4 Ba7+ 31. Kg2 Bc6+ 32. Kf1 exf4 33. gxf4 Ng7 34. b3 Rd3 35. Ba1 Nf5 36. b5 Bxb5 37. a4 Bc6 38. Nb4 Rf3+ 39. Ke2 Re3+ 40. Kd2 Rxe1 41. Kxe1 Nxh4 42. Nxc6 bxc6 43. b4 Rd8 44. b5 cxb5 45. axb5 Nf3+ 46. Ke2 Nxh2 47. Bc3 Bb6 48. Bb4 Ng4 49. Kf3 f5 50. Kg2 Rd3 51. Kf1 h4 52. Ke2 Rb3 53. Bd6 h3 54. Be5 h2 55. Kd2 h1Q 56. Kc2 Rg3 57. Bc3 Nf6 58. Bd2 Ne4 59. Bb4 Qh2+ 60. Kd1 Rg1+ 61. Be1 Qd2# 0-1